[Event "Storsjodraget 2018"]
[Site "?"]
[Date "2018.06.19"]
[Round "6.10"]
[White "Hagstrom, Jacob 1994"]
[Black "Johansson, Henrik"]
[Result "1-0"]
[BlackElo "1703"]
[WhiteElo "1661"]
[LiveChessVersion "1.4.8"]

1. d4 {[%clk 1:30:55]} g6 {[%clk 1:30:50]} 2. c4 {[%clk 1:31:18]} Bg7
{[%clk 1:30:53]} 3. e4 {[%clk 1:30:48]} c5 {[%clk 1:28:56]} 4. d5
{[%clk 1:27:40]} d6 {[%clk 1:28:57]} 5. Ne2 {[%clk 1:25:48]} Nf6 {[%clk 1:25:58]}
6. Nbc3 {[%clk 1:25:20]} O-O {[%clk 1:22:49]} 7. Bg5 {[%clk 1:21:28]} Nbd7
{[%clk 1:19:26]} 8. Qd2 {[%clk 1:20:53]} Nb6 {[%clk 1:18:30]} 9. Nc1
{[%clk 1:17:13]} Ng4 {[%clk 1:16:37]} 10. Be2 {[%clk 1:13:34]} Ne5
{[%clk 1:14:16]} 11. b3 {[%clk 1:12:50]} f5 {[%clk 1:09:38]} 12. Bh6
{[%clk 1:09:53]} fxe4 {[%clk 1:09:08]} 13. Bxg7 {[%clk 1:09:19]} Kxg7
{[%clk 1:04:59]} 14. Nxe4 {[%clk 1:09:36]} Bf5 {[%clk 1:02:10]} 15. Ng5
{[%clk 1:06:23]} h6 {[%clk 0:53:40]} 16. Nf3 {[%clk 1:04:06]} Nbd7
{[%clk 0:51:54]} 17. Nxe5 {[%clk 1:00:40]} Nxe5 {[%clk 0:51:53]} 18. Nd3
{[%clk 1:00:36]} Nxd3+ {[%clk 0:46:49]} 19. Bxd3 {[%clk 1:00:59]} Bxd3
{[%clk 0:46:54]} 20. Qxd3 {[%clk 1:01:06]} Qa5+ {[%clk 0:46:52]} 21. Ke2
{[%clk 1:01:05]} Rf5 {[%clk 0:46:03]} 22. f3 {[%clk 0:58:45]} Raf8
{[%clk 0:46:08]} 23. Kf2 {[%clk 0:58:20]} Re5 {[%clk 0:43:41]} 24. a4
{[%clk 0:57:57]} Rf4 {[%clk 0:43:07]} 25. Rad1 {[%clk 0:54:55]} Ree4
{[%clk 0:35:20]} 26. g3 {[%clk 0:45:58]} Rd4 {[%clk 0:33:14]} 27. Qe3
{[%clk 0:44:51]} Rxd1 {[%clk 0:32:26]} 28. Rxd1 {[%clk 0:44:29]} Rf7
{[%clk 0:32:42]} 29. Re1 {[%clk 0:44:10]} a6 {[%clk 0:26:32]} 30. Qd3
{[%clk 0:43:37]} g5 {[%clk 0:22:44]} 31. Re6 {[%clk 0:41:28]} Kf8
{[%clk 0:19:05]} 32. Rxh6 {[%clk 0:39:49]} b5 {[%clk 0:18:58]} 33. Rh8+
{[%clk 0:37:07]} Kg7 {[%clk 0:19:15]} 34. Qh7+ {[%clk 0:37:33]} Kf6
{[%clk 0:19:29]} 35. Qh6+ {[%clk 0:37:24]} Ke5 {[%clk 0:19:03]} 36. Qe6+
{[%clk 0:36:51]} Kd4 {[%clk 0:19:15]} 37. Qe3# {[%clk 0:37:04]} Kxd5
{[%clk 0:19:13]} 1-0

[Event "Storsjodraget 2018"]
[Site "?"]
[Date "2018.06.19"]
[Round "6.11"]
[White "Borseth, Sivert"]
[Black "Rhodin, Jesper"]
[Result "0-1"]
[BlackElo "1616"]
[WhiteElo "1301"]
[LiveChessVersion "1.4.8"]

1. e4 {[%clk 1:30:58]} c5 {[%clk 1:29:37]} 2. Nf3 {[%clk 1:31:18]} d6
{[%clk 1:29:57]} 3. Nc3 {[%clk 1:30:35]} Bg4 {[%clk 1:28:00]} 4. Be2
{[%clk 1:29:42]} Nc6 {[%clk 1:26:40]} 5. d4 {[%clk 1:29:30]} cxd4
{[%clk 1:19:18]} 6. Nxd4 {[%clk 1:29:54]} Bxe2 {[%clk 1:16:43]} 7. Ndxe2
{[%clk 1:27:57]} Nf6 {[%clk 1:14:46]} 8. O-O {[%clk 1:27:31]} g6 {[%clk 1:10:45]}
9. Bg5 {[%clk 1:24:49]} Bg7 {[%clk 1:09:55]} 10. Qd2 {[%clk 1:23:43]} Qa5
{[%clk 1:02:34]} 11. Bh6 {[%clk 1:17:53]} O-O {[%clk 1:00:03]} 12. Bxg7 Kxg7
{[%clk 1:00:16]} 13. Rfd1 {[%clk 1:17:14]} Qc5 {[%clk 0:49:01]} 14. Nd4
{[%clk 1:16:02]} Ne5 {[%clk 0:42:16]} 15. h3 {[%clk 1:13:59]} Nc4
{[%clk 0:41:31]} 16. Qc1 {[%clk 1:10:41]} Rac8 {[%clk 0:36:52]} 17. b3
{[%clk 1:09:51]} Nb6 {[%clk 0:24:10]} 18. Nde2 {[%clk 1:07:05]} Qe5
{[%clk 0:19:49]} 19. Qe3 {[%clk 1:05:39]} Rc6 {[%clk 0:18:51]} 20. Nd4
{[%clk 1:01:52]} Rc5 {[%clk 0:15:29]} 21. f3 {[%clk 1:01:05]} d5 {[%clk 0:14:20]}
22. Nf5+ {[%clk 0:55:19]} gxf5 {[%clk 0:10:54]} 23. Qxc5 {[%clk 0:55:26]} Rc8
{[%clk 0:10:14]} 24. Qa5 {[%clk 0:49:31]} Rxc3 {[%clk 0:08:53]} 25. Qxa7
{[%clk 0:49:49]} Rxc2 {[%clk 0:07:03]} 26. Kh1 {[%clk 0:48:53]} Nbd7
{[%clk 0:05:04]} 27. Qxb7 {[%clk 0:48:30]} fxe4 {[%clk 0:04:43]} 28. Re1
{[%clk 0:44:15]} Qg3 {[%clk 0:03:37]} 29. Rg1 {[%clk 0:44:29]} exf3
{[%clk 0:03:33]} 0-1

[Event "Storsjodraget 2018"]
[Site "?"]
[Date "2018.06.19"]
[Round "6.12"]
[White "Persson, Lars-Eric"]
[Black "Olofsson, Ingemar"]
[Result "1-0"]
[BlackElo "1547"]
[WhiteElo "1910"]
[LiveChessVersion "1.4.8"]

1. d4 {[%clk 1:30:57]} Nf6 {[%clk 1:30:33]} 2. e3 {[%clk 1:31:22]} e6
{[%clk 1:29:34]} 3. Bd3 {[%clk 1:31:33]} d5 {[%clk 1:29:10]} 4. Nd2
{[%clk 1:31:40]} Nc6 {[%clk 1:28:50]} 5. f4 {[%clk 1:30:43]} Bd6 {[%clk 1:26:15]}
6. c3 {[%clk 1:30:42]} a6 {[%clk 1:24:32]} 7. Qe2 {[%clk 1:30:53]} Ne7
{[%clk 1:24:25]} 8. Ngf3 {[%clk 1:30:25]} h6 {[%clk 1:24:23]} 9. O-O
{[%clk 1:30:22]} O-O {[%clk 1:20:43]} 10. Ne5 {[%clk 1:29:56]} Nf5
{[%clk 1:19:18]} 11. e4 {[%clk 1:19:32]} dxe4 12. Nxe4 {[%clk 1:19:07]} Bxe5
{[%clk 1:14:53]} 13. fxe5 {[%clk 1:18:20]} Nh7 {[%clk 1:13:49]} 14. g4
{[%clk 1:09:56]} Nh4 {[%clk 1:11:36]} 15. Bd2 {[%clk 0:59:56]} b6
{[%clk 1:11:51]} 16. Be1 {[%clk 0:54:01]} Bb7 {[%clk 1:12:18]} 17. Qf2
{[%clk 0:49:37]} Ng6 {[%clk 1:09:47]} 18. Qg3 {[%clk 0:41:45]} Ng5
{[%clk 1:08:03]} 19. Nxg5 {[%clk 0:37:16]} Qxg5 {[%clk 1:07:22]} 20. Rd1
{[%clk 0:33:48]} Rad8 {[%clk 1:07:33]} 21. h4 {[%clk 0:33:30]} Qe7
{[%clk 1:02:53]} 22. h5 {[%clk 0:33:35]} Nh8 {[%clk 1:02:52]} 23. Bd2
{[%clk 0:33:16]} f5 24. exf6 {[%clk 0:31:55]} Rxf6 {[%clk 1:02:45]} 25. Rxf6
{[%clk 0:31:23]} gxf6 {[%clk 1:02:56]} 26. Bxh6 {[%clk 0:30:41]} Nf7
{[%clk 1:03:11]} 27. Bc1 {[%clk 0:27:06]} Ng5 {[%clk 1:02:20]} 28. Bxg5
{[%clk 0:26:51]} fxg5 {[%clk 1:02:38]} 29. Rf1 {[%clk 0:26:04]} Rf8
{[%clk 1:02:49]} 30. Qe5 {[%clk 0:25:37]} Rxf1+ 31. Bxf1 Kf8 {[%clk 1:01:29]} 32.
Qh8+ {[%clk 0:23:36]} Kf7 {[%clk 1:01:54]} 33. Qh7+ {[%clk 0:22:06]} Ke8
{[%clk 1:02:15]} 34. Qf7+ Qd7 35. Qe7+ {[%clk 0:22:20]} 1-0